[Event "DEM U10 2021"]
[Site "Willingen GER"]
[Date "2021.08.29"]
[Round "11"]
[White "Burban, Bogdan"]
[Black "Krüger, Moritz"]
[Result "0-1"]
[Termination "normal"]
[Board "25"]
[WhiteElo "1062"]
[BlackElo "1187"]
[WhiteClock "00:31:56"]
[BlackClock "01:13:46"]
[PlyCount "118"]
[WhiteFideId "34609040"]
[BlackFideId "34608923"]
[EventCountry "GER"]
[EventRounds "11"]
[EventType "swiss"]
[EventDate "2021.08.22"]

1. d4 {[%clk 01:15:58]} {[%emt 00:00:01]} d5 {[%clk 01:15:52]} {[%emt
00:00:08]} 2. c4 {[%clk 01:16:23]} {[%emt 00:00:05]} e6 {[%clk 01:16:11]}
{[%emt 00:00:11]} 3. Nf3 {[%clk 01:16:34]} {[%emt 00:00:20]} Nf6 {[%clk
01:16:27]} {[%emt 00:00:13]} 4. Nc3 {[%clk 01:16:48]} {[%emt 00:00:17]} Be7
{[%clk 01:15:58]} {[%emt 00:00:57]} 5. Bg5 {[%clk 01:16:22]} {[%emt 00:00:56]}
O-O {[%clk 01:16:17]} {[%emt 00:00:12]} 6. e3 {[%clk 01:15:52]} {[%emt
00:01:00]} h6 {[%clk 01:16:38]} {[%emt 00:00:09]} 7. Bh4 {[%clk 01:15:40]}
{[%emt 00:00:43]} Nbd7 {[%clk 01:16:59]} {[%emt 00:00:09]} 8. cxd5 {[%clk
01:14:42]} {[%emt 00:01:27]} Nxd5 {[%clk 01:17:15]} {[%emt 00:00:14]} 9. Bxe7
{[%clk 01:14:37]} {[%emt 00:00:35]} Nxe7 {[%clk 01:16:30]} {[%emt 00:01:16]}
10. Bd3 {[%clk 01:13:35]} {[%emt 00:01:33]} c5 {[%clk 01:16:44]} {[%emt
00:00:16]} 11. O-O {[%clk 01:12:52]} {[%emt 00:01:11]} cxd4 {[%clk 01:16:51]}
{[%emt 00:00:24]} 12. Nxd4 {[%clk 01:12:32]} {[%emt 00:00:50]} Nf6 {[%clk
01:16:46]} {[%emt 00:00:35]} 13. Qc2 {[%clk 01:09:26]} {[%emt 00:03:36]} Ned5
{[%clk 01:16:14]} {[%emt 00:01:01]} 14. a3 {[%clk 01:06:43]} {[%emt 00:03:14]}
b6 {[%clk 01:14:51]} {[%emt 00:01:53]} 15. Rad1 {[%clk 01:05:42]} {[%emt
00:01:39]} Qe7 {[%clk 01:14:55]} {[%emt 00:00:18]} 16. h3 {[%clk 01:03:42]}
{[%emt 00:02:30]} Bb7 {[%clk 01:14:59]} {[%emt 00:00:26]} 17. Qb3 {[%clk
01:00:41]} {[%emt 00:03:31]} Rac8 {[%clk 01:15:00]} {[%emt 00:00:29]} 18. Rc1
{[%clk 01:00:15]} {[%emt 00:00:56]} Nxc3 {[%emt 00:00:54]} 19. Rxc3 {[%clk
01:00:14]} {[%emt 00:00:02]} Nd5 {[%clk 01:15:08]} {[%emt 00:00:27]} 20. Rc2
{[%clk 00:59:06]} {[%emt 00:01:38]} Qg5 {[%clk 01:14:59]} {[%emt 00:00:37]} 21.
Nf3 {[%clk 00:54:41]} {[%emt 00:04:57]} Qf6 {[%clk 01:14:55]} {[%emt 00:00:33]}
22. Rfc1 {[%clk 00:52:12]} {[%emt 00:03:01]} Rxc2 {[%clk 01:13:47]} {[%emt
00:01:37]} 23. Rxc2 {[%clk 00:52:29]} {[%emt 00:00:13]} Rc8 {[%clk 01:13:37]}
{[%emt 00:00:38]} 24. Qa4 {[%clk 00:49:52]} {[%emt 00:03:09]} Qd8 {[%clk
01:11:13]} {[%emt 00:02:53]} 25. Rxc8 {[%clk 00:47:18]} {[%emt 00:03:05]} Qxc8
{[%clk 01:11:28]} {[%emt 00:00:13]} 26. Qxa7 {[%clk 00:45:20]} {[%emt
00:02:29]} Qc1+ {[%clk 01:08:28]} {[%emt 00:03:30]} 27. Kh2 {[%clk 00:45:09]}
Bc8 {[%clk 01:08:28]} {[%emt 00:01:11]} 28. Qa4 {[%clk 00:41:25]} Kf8 {[%clk
01:08:13]} {[%emt 00:05:00]} 29. Qc2 {[%clk 00:39:11]} Qxc2 {[%clk 01:08:12]}
{[%emt 00:03:14]} 30. Bxc2 {[%clk 00:39:31]} Ke7 {[%clk 01:08:28]} {[%emt
00:00:25]} 31. g4 {[%clk 00:38:22]} Bb7 {[%clk 01:08:40]} {[%emt 00:01:57]} 32.
Kg3 {[%clk 00:38:10]} {[%emt 00:00:41]} g5 {[%clk 01:08:36]} {[%emt 00:00:34]}
33. Nd4 {[%clk 00:36:36]} {[%emt 00:02:04]} Kd6 {[%clk 01:08:42]} {[%emt
00:00:24]} 34. h4 {[%clk 00:35:37]} {[%emt 00:01:29]} f6 {[%clk 01:08:49]}
{[%emt 00:00:23]} 35. Ne2 {[%clk 00:34:16]} {[%emt 00:01:52]} e5 {[%clk
01:08:50]} {[%emt 00:00:29]} 36. Be4 {[%clk 00:33:27]} {[%emt 00:01:18]} Ba6
{[%clk 01:09:09]} {[%emt 00:00:11]} 37. hxg5 {[%clk 00:32:06]} {[%emt
00:01:52]} hxg5 {[%clk 01:09:24]} {[%emt 00:00:14]} 38. Nc3 {[%clk 00:31:25]}
{[%emt 00:01:12]} Nxc3 39. bxc3 {[%clk 00:31:45]} Kc5 {[%clk 01:09:50]} {[%emt
00:00:23]} 40. f4 {[%clk 00:31:36]} {[%emt 00:00:39]} Kc4 {[%clk 01:09:55]}
{[%emt 00:00:25]} 41. fxe5 {[%clk 00:31:19]} {[%emt 00:00:47]} fxe5 {[%clk
01:09:59]} {[%emt 00:00:25]} 42. Bf5 {[%clk 00:30:55]} {[%emt 00:00:54]} Kxc3
{[%clk 01:10:05]} {[%emt 00:00:51]} 43. Kf3 Bd3 {[%emt 00:01:45]} 44. Bxd3
{[%clk 00:30:05]} {[%emt 00:00:08]} Kxd3 {[%clk 01:10:08]} 45. a4 {[%clk
00:30:04]} {[%emt 00:00:59]} e4 {[%clk 01:10:15]} 46. Kf2 {[%emt 00:00:34]} Kd2
{[%emt 00:00:24]} 47. Kf1 {[%emt 00:00:17]} Kxe3 {[%clk 01:10:31]} {[%emt
00:00:03]} 48. Ke1 {[%clk 00:30:12]} {[%emt 00:00:10]} Kd3 {[%clk 01:10:34]}
49. Kd1 {[%clk 00:30:35]} {[%emt 00:00:35]} e3 {[%clk 01:10:56]} 50. Ke1 {[%clk
00:31:00]} {[%emt 00:00:13]} e2 {[%clk 01:11:16]} 51. a5 {[%clk 00:31:01]}
{[%emt 00:00:39]} bxa5 {[%clk 01:11:40]} 52. Kf2 {[%emt 00:00:20]} Kd2 {[%emt
00:00:36]} 53. Kg2 {[%emt 00:00:10]} e1=Q {[%emt 00:00:28]} 54. Kh2 {[%clk
00:30:30]} {[%emt 00:00:03]} a4 {[%clk 01:12:14]} {[%emt 00:00:25]} 55. Kg2
{[%clk 00:30:44]} {[%emt 00:00:17]} a3 {[%clk 01:12:38]} {[%emt 00:00:06]} 56.
Kh2 {[%emt 00:00:09]} a2 {[%clk 01:13:04]} {[%emt 00:00:03]} 57. Kg2 {[%clk
00:31:30]} {[%emt 00:00:07]} a1=Q {[%clk 01:13:25]} {[%emt 00:00:08]} 58. Kh3
{[%clk 00:31:36]} {[%emt 00:00:24]} Qh1+ {[%clk 01:13:46]} {[%emt 00:00:09]}
59. Kg3 {[%clk 00:31:56]} {[%emt 00:00:10]} Qag1+ {[%emt 00:00:12]} 0-1

[Event "DEM U10 2021"]
[Site "Willingen GER"]
[Date "2021.08.29"]
[Round "11"]
[White "Gulamzada, Elmir"]
[Black "Schröder, Hannes Artur"]
[Result "1-0"]
[Termination "normal"]
[Board "27"]
[WhiteElo "1342"]
[BlackElo "961"]
[WhiteClock "00:34:48"]
[BlackClock "01:10:24"]
[PlyCount "61"]
[WhiteFideId "34604332"]
[BlackFideId "34608818"]
[EventCountry "GER"]
[EventRounds "11"]
[EventType "swiss"]
[EventDate "2021.08.22"]

1. e4 {[%clk 01:15:56]} {[%emt 00:00:02]} e5 {[%clk 01:15:49]} {[%emt
00:00:11]} 2. Nf3 {[%clk 01:16:10]} {[%emt 00:00:17]} Nc6 {[%clk 01:16:09]}
{[%emt 00:00:10]} 3. Bc4 {[%clk 01:16:28]} {[%emt 00:00:12]} Bc5 {[%clk
01:16:20]} {[%emt 00:00:19]} 4. c3 {[%clk 01:16:35]} {[%emt 00:00:23]} Nf6
{[%clk 01:16:34]} {[%emt 00:00:15]} 5. d4 {[%clk 01:16:51]} {[%emt 00:00:15]}
exd4 {[%clk 01:16:49]} {[%emt 00:00:16]} 6. cxd4 {[%clk 01:17:10]} {[%emt
00:00:10]} Bb4+ {[%clk 01:16:47]} {[%emt 00:00:31]} 7. Bd2 {[%clk 01:17:20]}
{[%emt 00:00:21]} Bxd2+ {[%clk 01:16:57]} {[%emt 00:00:20]} 8. Nbxd2 {[%clk
01:17:36]} {[%emt 00:00:13]} d5 {[%clk 01:16:53]} {[%emt 00:00:35]} 9. exd5
{[%clk 01:17:54]} {[%emt 00:00:13]} Nxd5 {[%clk 01:17:11]} {[%emt 00:00:12]}
10. O-O {[%clk 01:18:08]} {[%emt 00:00:15]} O-O {[%clk 01:17:26]} {[%emt
00:00:11]} 11. Ne5 {[%clk 01:18:00]} {[%emt 00:00:41]} Nxd4 {[%clk 01:17:32]}
{[%emt 00:00:25]} 12. Nb3 {[%clk 01:17:12]} {[%emt 00:01:18]} Nxb3 {[%clk
01:17:46]} {[%emt 00:00:16]} 13. Bxd5 {[%clk 01:16:38]} {[%emt 00:01:04]} Qe7
{[%clk 01:17:57]} {[%emt 00:00:19]} 14. Re1 {[%clk 00:56:06]} {[%emt 00:21:02]}
Nxa1 {[%clk 01:14:24]} {[%emt 00:04:02]} 15. Bxf7+ {[%clk 00:52:46]} {[%emt
00:03:51]} Rxf7 {[%clk 01:14:04]} {[%emt 00:00:49]} 16. Nxf7 {[%clk 00:51:59]}
{[%emt 00:01:18]} Kxf7 {[%clk 01:12:26]} {[%emt 00:02:08]} 17. Rxe7+ {[%clk
00:51:12]} {[%emt 00:09:43]} Kxe7 {[%clk 01:12:43]} {[%emt 00:00:13]} 18. Qxa1
{[%clk 00:51:30]} {[%emt 00:00:13]} Be6 {[%clk 01:12:53]} {[%emt 00:00:20]} 19.
Qe1 {[%clk 00:51:11]} {[%emt 00:00:47]} Rd8 {[%clk 01:12:50]} {[%emt 00:00:34]}
20. h3 {[%clk 00:50:53]} {[%emt 00:00:49]} Kf7 {[%clk 01:12:52]} {[%emt
00:00:27]} 21. b3 {[%clk 00:49:37]} {[%emt 00:01:46]} b6 {[%clk 01:12:18]}
{[%emt 00:01:04]} 22. Kh2 {[%clk 00:49:07]} {[%emt 00:01:00]} g5 {[%clk
01:12:16]} {[%emt 00:00:32]} 23. Qe5 {[%clk 00:46:18]} {[%emt 00:03:20]} h6
{[%clk 01:12:06]} {[%emt 00:00:39]} 24. Qxc7+ {[%clk 00:46:13]} {[%emt
00:00:36]} Rd7 {[%clk 01:12:25]} {[%emt 00:00:10]} 25. Qc2 {[%clk 00:45:36]}
{[%emt 00:01:07]} Kg7 {[%clk 01:11:28]} {[%emt 00:01:26]} 26. Qc6 {[%clk
00:42:01]} {[%emt 00:04:49]} Kf6 {[%clk 01:11:21]} {[%emt 00:00:38]} 27. Qf3+
{[%clk 00:40:59]} {[%emt 00:01:31]} Kg6 {[%clk 01:10:55]} {[%emt 00:00:58]} 28.
Qe4+ {[%clk 00:36:44]} {[%emt 00:04:44]} Bf5 {[%clk 01:10:30]} {[%emt
00:00:58]} 29. Qc6+ {[%clk 00:36:01]} {[%emt 00:01:12]} Kg7 {[%clk 01:10:35]}
{[%emt 00:00:23]} 30. g4 {[%clk 00:35:23]} {[%emt 00:01:09]} Rd2 {[%clk
01:10:24]} {[%emt 00:00:42]} 31. Qc3+ {[%clk 00:34:48]} {[%emt 00:01:05]} 1-0

[Event "DEM U10 2021"]
[Site "Willingen GER"]
[Date "2021.08.29"]
[Round "11"]
[White "Sheng, Ming"]
[Black "Lange, Friedrich"]
[Result "1-0"]
[Termination "normal"]
[Board "29"]
[WhiteElo "1266"]
[BlackElo "861"]
[WhiteClock "01:01:45"]
[BlackClock "01:02:08"]
[PlyCount "115"]
[WhiteFideId "34605258"]
[BlackFideId "34608915"]
[EventCountry "GER"]
[EventRounds "11"]
[EventType "swiss"]
[EventDate "2021.08.22"]

1. e4 {[%clk 01:15:29]} {[%emt 00:00:30]} e5 {[%clk 01:15:52]} {[%emt
00:00:05]} 2. Nf3 {[%clk 01:15:33]} {[%emt 00:00:26]} Nf6 {[%emt 00:00:52]} 3.
Nxe5 {[%clk 01:15:35]} {[%emt 00:00:04]} d6 {[%emt 00:00:26]} 4. Nf3 {[%clk
01:15:51]} {[%emt 00:00:07]} Nc6 {[%emt 00:02:17]} 5. Nc3 {[%emt 00:01:59]} Bg4
{[%clk 01:14:35]} {[%emt 00:01:18]} 6. Be2 {[%clk 01:13:15]} {[%emt 00:00:34]}
Be7 {[%clk 01:14:47]} {[%emt 00:00:17]} 7. O-O {[%clk 01:13:11]} {[%emt
00:00:34]} O-O {[%clk 01:14:50]} {[%emt 00:00:29]} 8. d4 {[%clk 01:12:58]}
{[%emt 00:00:35]} Rb8 {[%clk 01:13:58]} {[%emt 00:01:30]} 9. h3 {[%clk
01:11:15]} {[%emt 00:02:14]} Bxf3 {[%clk 01:14:07]} {[%emt 00:00:21]} 10. Bxf3
{[%clk 01:11:19]} {[%emt 00:00:23]} a6 {[%clk 01:13:58]} {[%emt 00:00:41]} 11.
d5 {[%clk 01:10:27]} {[%emt 00:01:19]} Ne5 {[%clk 01:13:39]} {[%emt 00:00:53]}
12. Bf4 {[%clk 01:08:42]} {[%emt 00:02:10]} Ng6 {[%clk 01:12:29]} {[%emt
00:01:44]} 13. Be3 {[%clk 01:08:11]} {[%emt 00:00:51]} b6 {[%clk 01:12:16]}
{[%emt 00:00:52]} 14. Be2 {[%clk 01:07:33]} {[%emt 00:01:05]} Qc8 {[%clk
01:11:48]} {[%emt 00:00:59]} 15. f4 {[%clk 01:05:57]} {[%emt 00:01:56]} Nh4
{[%clk 01:11:11]} {[%emt 00:01:20]} 16. Qe1 {[%clk 01:05:46]} {[%emt 00:00:33]}
Nd7 {[%clk 01:11:08]} {[%emt 00:00:41]} 17. Bg4 {[%clk 01:04:08]} {[%emt
00:02:05]} Qd8 {[%clk 01:10:49]} {[%emt 00:00:52]} 18. Bf2 {[%clk 01:03:04]}
{[%emt 00:01:31]} Nc5 {[%clk 01:09:42]} {[%emt 00:01:39]} 19. Bxc5 {[%clk
01:02:22]} {[%emt 00:01:51]} bxc5 {[%clk 01:09:50]} {[%emt 00:00:23]} 20. Rb1
{[%clk 01:02:12]} {[%emt 00:00:36]} Bf6 {[%clk 01:07:06]} {[%emt 00:03:18]} 21.
f5 {[%clk 01:00:00]} {[%emt 00:02:41]} Bxc3 {[%clk 01:06:47]} {[%emt 00:00:50]}
22. Qxc3 {[%clk 00:59:32]} {[%emt 00:00:58]} Qe7 {[%clk 01:06:34]} {[%emt
00:00:43]} 23. Rbe1 {[%clk 00:59:22]} {[%emt 00:00:38]} Qe5 {[%clk 01:05:26]}
{[%emt 00:01:40]} 24. Qxe5 {[%clk 00:59:10]} {[%emt 00:00:42]} dxe5 {[%clk
01:05:47]} {[%emt 00:00:09]} 25. b3 {[%clk 00:59:23]} {[%emt 00:00:16]} f6
{[%clk 01:05:27]} {[%emt 00:00:50]} 26. g3 {[%clk 00:59:36]} {[%emt 00:00:17]}
g6 {[%clk 01:04:11]} {[%emt 00:01:47]} 27. gxh4 {[%clk 00:59:54]} {[%emt
00:00:11]} gxf5 {[%clk 01:04:14]} {[%emt 00:00:27]} 28. Bxf5 {[%clk 00:59:58]}
{[%emt 00:00:26]} Kh8 {[%clk 01:04:17]} {[%emt 00:00:28]} 29. Kh2 {[%clk
01:00:20]} {[%emt 00:00:08]} Rg8 {[%clk 01:04:22]} {[%emt 00:00:25]} 30. Be6
{[%clk 01:00:37]} {[%emt 00:00:14]} Rg7 {[%clk 01:03:56]} {[%emt 00:00:56]} 31.
h5 {[%clk 01:00:30]} {[%emt 00:00:36]} Rg5 {[%clk 01:04:03]} {[%emt 00:00:22]}
32. Rxf6 {[%clk 01:00:52]} {[%emt 00:00:09]} Rxh5 {[%clk 01:03:57]} {[%emt
00:00:35]} 33. Rg1 {[%clk 01:01:05]} {[%emt 00:00:18]} h6 {[%clk 01:02:59]}
{[%emt 00:01:27]} 34. c4 {[%clk 01:01:09]} {[%emt 00:00:27]} Rg5 {[%clk
01:02:28]} {[%emt 00:01:01]} 35. Rxg5 {[%clk 01:01:12]} {[%emt 00:00:27]} hxg5
{[%clk 01:02:45]} {[%emt 00:00:13]} 36. Rf5 {[%clk 01:01:30]} {[%emt 00:00:12]}
Rd8 {[%clk 01:01:51]} {[%emt 00:01:11]} 37. Rxe5 {[%emt 00:00:24]} Rf8 {[%emt
00:00:24]} 38. Rxg5 {[%clk 01:00:59]} {[%emt 00:00:15]} Rf2+ {[%clk 01:01:48]}
{[%emt 00:00:44]} 39. Rg2 {[%clk 01:01:17]} {[%emt 00:00:12]} Rxg2+ {[%clk
01:01:38]} {[%emt 00:00:39]} 40. Kxg2 {[%clk 01:01:30]} {[%emt 00:00:08]} Kg7
{[%clk 01:02:06]} {[%emt 00:00:13]} 41. h4 {[%clk 01:01:51]} {[%emt 00:00:08]}
Kf6 {[%clk 01:02:14]} {[%emt 00:00:21]} 42. h5 {[%clk 01:02:12]} {[%emt
00:00:10]} Kg5 {[%clk 01:02:24]} {[%emt 00:00:21]} 43. Kg3 {[%clk 01:02:35]}
{[%emt 00:00:06]} Kxh5 {[%clk 01:02:45]} {[%emt 00:00:09]} 44. Kf4 {[%clk
01:03:00]} {[%emt 00:00:04]} Kg6 {[%clk 01:03:04]} {[%emt 00:00:11]} 45. Ke5
{[%clk 01:03:12]} {[%emt 00:00:17]} a5 {[%clk 01:03:18]} {[%emt 00:00:18]} 46.
Bg8 {[%clk 01:03:21]} {[%emt 00:00:20]} Kg7 {[%clk 01:02:46]} {[%emt 00:01:03]}
47. Ke6 {[%clk 01:03:11]} {[%emt 00:00:40]} Kxg8 {[%clk 01:02:50]} {[%emt
00:00:25]} 48. Kd7 {[%clk 01:03:00]} {[%emt 00:00:41]} Kf7 {[%clk 01:02:56]}
{[%emt 00:00:24]} 49. Kxc7 {[%clk 01:02:35]} {[%emt 00:00:55]} Ke7 {[%clk
01:01:47]} {[%emt 00:01:40]} 50. d6 {[%clk 01:02:40]} {[%emt 00:00:25]} Ke8
{[%clk 01:01:29]} {[%emt 00:00:48]} 51. d7+ {[%clk 01:00:52]} {[%emt 00:02:15]}
Ke7 {[%clk 01:01:34]} {[%emt 00:00:27]} 52. d8=Q {[%clk 01:00:48]} {[%emt
00:00:34]} Ke6 {[%clk 01:01:57]} {[%emt 00:00:08]} 53. Qf8 {[%clk 01:00:44]}
{[%emt 00:00:32]} a4 {[%clk 01:01:58]} {[%emt 00:00:31]} 54. Qf5+ {[%clk
01:00:44]} {[%emt 00:00:28]} Ke7 {[%clk 01:01:04]} {[%emt 00:00:16]} 55. e5
{[%clk 01:01:05]} {[%emt 00:01:19]} axb3 {[%clk 01:01:18]} {[%emt 00:00:17]}
56. Qf6 {[%clk 01:01:17]} {[%emt 00:00:11]} Ke8 {[%clk 01:01:45]} {[%emt
00:00:09]} 57. e6 {[%clk 01:01:36]} {[%emt 00:00:11]} b2 {[%clk 01:02:08]}
{[%emt 00:00:07]} 58. Qf7+ {[%clk 01:01:45]} {[%emt 00:00:21]} 1-0

[Event "DEM U12w 2021"]
[Site "Willingen GER"]
[Date "2021.08.23"]
[Round "1"]
[White "Wartenberg, Alissa"]
[Black "Halas, Neele Zoe"]
[Result "1-0"]
[Termination "normal"]
[Board "1"]
[WhiteElo "1562"]
[BlackElo "1494"]
[WhiteClock "00:35:49"]
[BlackClock "00:53:58"]
[PlyCount "61"]
[WhiteFideId "16280741"]
[BlackFideId "16287282"]
[EventCountry "GER"]
[EventRounds "9"]
[EventType "swiss"]
[EventDate "2021.08.22"]

1. e4 {[%clk 1:30:58]} e5 {[%clk 1:30:54]} 2. Nf3 {[%clk 1:31:24]} Nc6 {[%clk
1:31:16]} 3. Nc3 {[%clk 1:31:46]} Nf6 {[%clk 1:31:39]} 4. d4 {[%clk 1:31:57]}
exd4 {[%clk 1:32:02]} 5. Nxd4 {[%clk 1:32:20]} Bb4 {[%clk 1:32:27]} 6. Nxc6
{[%clk 1:32:42]} bxc6 {[%clk 1:32:51]} 7. Bd3 {[%clk 1:33:04]} d5 {[%clk
1:32:51]} 8. exd5 {[%clk 1:33:27]} cxd5 {[%clk 1:33:15]} 9. O-O {[%clk
1:33:51]} O-O {[%clk 1:33:26]} 10. Bg5 {[%clk 1:34:13]} c6 {[%clk 1:33:38]} 11.
Qf3 {[%clk 1:34:24]} Be7 {[%clk 1:33:59]} 12. h3 {[%clk 1:30:04]} Be6 {[%clk
1:29:40]} 13. Rad1 {[%clk 1:27:32]} Nd7 {[%clk 1:25:54]} 14. Bxe7 {[%clk
1:24:55]} Qxe7 {[%clk 1:25:28]} 15. Rfe1 {[%clk 1:24:58]} Qf6 {[%clk 1:23:39]}
16. Qg3 {[%clk 1:19:43]} Nc5 {[%clk 1:17:23]} 17. Bf1 {[%clk 1:13:34]} Rac8
{[%clk 1:12:16]} 18. Qe3 {[%clk 1:06:22]} Qe7 {[%clk 1:09:17]} 19. f4 {[%clk
0:55:13]} g6 {[%clk 0:58:30]} 20. Qd4 {[%clk 0:48:32]} Na6 {[%clk 0:57:55]} 21.
Bxa6 {[%clk 0:46:40]} c5 {[%clk 0:56:33]} 22. Qe5 {[%clk 0:46:22]} Rc6 {[%clk
0:56:32]} 23. Nxd5 {[%clk 0:45:29]} Qh4 {[%clk 0:55:48]} 24. Nf6+ {[%clk
0:44:59]} Kh8 {[%clk 0:56:12]} 25. Bb5 {[%clk 0:38:44]} Rb6 {[%clk 0:56:23]}
26. Nd7+ {[%clk 0:36:24]} f6 {[%clk 0:54:57]} 27. Qxc5 {[%clk 0:35:49]} Rfb8
{[%clk 0:54:29]} 28. Nxb8 {[%clk 0:35:50]} Rxb8 {[%clk 0:53:55]} 29. Rxe6
{[%clk 0:35:49]} Qxf4 {[%clk 0:53:58]} 30. Re8+ Kg7 31. Qf8# 1-0

[Event "DEM U12w 2021"]
[Site "Willingen GER"]
[Date "2021.08.23"]
[Round "1"]
[White "Woiteck, Sophia"]
[Black "Sickmann, Lisa"]
[Result "0-1"]
[Termination "normal"]
[Board "2"]
[WhiteElo "1293"]
[BlackElo "1462"]
[WhiteClock "00:23:59"]
[BlackClock "00:55:10"]
[PlyCount "82"]
[WhiteFideId "34608753"]
[BlackFideId "16267818"]
[EventCountry "GER"]
[EventRounds "9"]
[EventType "swiss"]
[EventDate "2021.08.22"]

1. e4 {[%clk 1:30:56]} e5 {[%clk 1:30:54]} 2. Nf3 {[%clk 1:31:17]} Nc6 {[%clk
1:31:20]} 3. d4 {[%clk 1:31:27]} exd4 {[%clk 1:31:40]} 4. Nxd4 {[%clk 1:31:40]}
Nf6 {[%clk 1:32:00]} 5. Nxc6 {[%clk 1:31:52]} bxc6 {[%clk 1:32:16]} 6. Bd3
{[%clk 1:32:09]} Bc5 {[%clk 1:30:42]} 7. Nc3 {[%clk 1:31:26]} d5 {[%clk
1:20:03]} 8. Qe2 {[%clk 1:24:35]} O-O {[%clk 1:07:02]} 9. O-O {[%clk 1:05:56]}
Re8 {[%clk 0:58:37]} 10. Bg5 {[%clk 0:49:16]} Qd6 {[%clk 0:52:28]} 11. Rfe1
{[%clk 0:45:41]} Ng4 {[%clk 0:50:43]} 12. e5 {[%clk 0:37:41]} Rxe5 {[%clk
0:50:13]} 13. Be3 Rxe3 {[%clk 0:50:20]} 14. g3 {[%clk 0:29:04]} Rxe2 {[%clk
0:50:39]} 15. Rxe2 {[%clk 0:29:20]} Bd7 {[%clk 0:50:23]} 16. Bc4 {[%clk
0:26:35]} dxc4 {[%clk 0:50:15]} 17. Rd1 {[%clk 0:24:06]} Qh6 {[%clk 0:49:17]}
18. h4 {[%clk 0:23:57]} Bxf2+ {[%clk 0:49:02]} 19. Kg2 {[%clk 0:23:38]} Ne3+
{[%clk 0:49:01]} 20. Kxf2 {[%clk 0:23:39]} Nxd1+ {[%clk 0:49:19]} 21. Nxd1
{[%clk 0:23:50]} Re8 {[%clk 0:49:35]} 22. Ne3 {[%clk 0:23:34]} Qf6+ {[%clk
0:49:32]} 23. Ke1 {[%clk 0:23:28]} Bg4 {[%clk 0:49:33]} 24. Nxg4 {[%clk
0:23:23]} Rxe2+ {[%clk 0:49:58]} 25. Kxe2 {[%clk 0:23:37]} Qxb2 {[%clk
0:50:21]} 26. Ne3 {[%clk 0:23:41]} Qxa2 {[%clk 0:50:35]} 27. Kd2 {[%clk
0:23:41]} a5 {[%clk 0:50:56]} 28. Kc3 {[%clk 0:23:48]} Qa3+ {[%clk 0:51:17]}
29. Kd4 {[%clk 0:23:55]} a4 {[%clk 0:51:33]} 30. Nxc4 {[%clk 0:24:10]} Qb4
{[%clk 0:51:57]} 31. c3 {[%clk 0:24:23]} c5+ {[%clk 0:52:00]} 32. Kd3 {[%clk
0:24:32]} Qb1+ {[%clk 0:52:12]} 33. Kd2 {[%clk 0:24:42]} Qa2+ {[%clk 0:52:25]}
34. Kd3 {[%clk 0:24:55]} a3 {[%clk 0:52:44]} 35. Nxa3 {[%clk 0:24:04]} Qxa3
{[%clk 0:53:11]} 36. Kc4 {[%clk 0:24:11]} Kf8 {[%clk 0:53:36]} 37. Kd5 {[%clk
0:24:07]} Qxc3 {[%clk 0:53:59]} 38. g4 {[%clk 0:24:00]} Qd4+ {[%clk 0:54:17]}
39. Kc6 {[%clk 0:23:48]} Ke7 {[%clk 0:54:29]} 40. Kxc7 {[%clk 0:24:05]} Qd6+
{[%clk 0:54:50]} 41. Kb7 {[%clk 0:23:59]} Kd7 {[%clk 0:55:10]} 0-1

[Event "DEM U12w 2021"]
[Site "Willingen GER"]
[Date "2021.08.23"]
[Round "1"]
[White "Zhou, Jenny"]
[Black "Müller, Riyanna"]
[Result "0-1"]
[Termination "normal"]
[Board "4"]
[WhiteElo "1268"]
[BlackElo "1421"]
[WhiteClock "00:42:35"]
[BlackClock "00:32:05"]
[PlyCount "91"]
[WhiteFideId "16280229"]
[BlackFideId "16287401"]
[EventCountry "GER"]
[EventRounds "9"]
[EventType "swiss"]
[EventDate "2021.08.22"]

1. e4 {[%clk 1:30:58]} e5 {[%clk 1:30:48]} 2. Nf3 {[%clk 1:31:19]} Nc6 {[%clk
1:30:55]} 3. Bc4 {[%clk 1:31:40]} Bc5 {[%clk 1:30:55]} 4. c3 {[%clk 1:32:01]}
Nf6 {[%clk 1:30:41]} 5. d4 {[%clk 1:32:22]} exd4 {[%clk 1:30:16]} 6. cxd4
{[%clk 1:32:44]} Bb4+ {[%clk 1:30:18]} 7. Nc3 {[%clk 1:32:48]} Nxe4 {[%clk
1:29:48]} 8. O-O {[%clk 1:33:08]} Bxc3 {[%clk 1:29:37]} 9. d5 {[%clk 1:33:23]}
Bf6 {[%clk 1:29:02]} 10. Re1 {[%clk 1:33:43]} Ne7 {[%clk 1:28:52]} 11. Rxe4
{[%clk 1:34:01]} d6 {[%clk 1:28:30]} 12. Bg5 {[%clk 1:34:07]} Bxg5 {[%clk
1:28:19]} 13. Nxg5 {[%clk 1:34:26]} h6 {[%clk 1:27:56]} 14. Qe2 {[%clk
1:34:43]} hxg5 {[%clk 1:28:03]} 15. Re1 {[%clk 1:35:00]} Be6 {[%clk 1:28:00]}
16. dxe6 {[%clk 1:35:12]} f6 {[%clk 1:27:57]} 17. Re3 {[%clk 1:35:19]} c6
{[%clk 1:27:14]} 18. Rh3 {[%clk 1:35:23]} Rxh3 {[%clk 1:26:25]} 19. gxh3 {[%clk
1:35:40]} g6 {[%clk 1:26:06]} 20. Qf3 {[%clk 1:30:47]} Qa5 {[%clk 1:25:09]} 21.
Qxf6 {[%clk 1:27:16]} Qxe1+ {[%clk 1:24:55]} 22. Bf1 {[%clk 1:22:10]} O-O-O
{[%clk 1:22:43]} 23. Qxe7 {[%clk 1:21:58]} Qe4 {[%clk 1:20:51]} 24. Bg2 {[%clk
1:15:15]} Qf5 {[%clk 1:17:28]} 25. b4 {[%clk 1:12:02]} d5 {[%clk 1:09:59]} 26.
b5 {[%clk 1:09:45]} Qf8 {[%clk 1:03:56]} 27. Qxg5 {[%clk 1:08:52]} Qg7 {[%clk
1:03:49]} 28. bxc6 {[%clk 1:08:40]} bxc6 {[%clk 1:03:55]} 29. h4 {[%clk
1:07:27]} Qh7 {[%clk 0:58:09]} 30. Bh3 {[%clk 1:07:02]} Kc7 {[%clk 0:57:24]}
31. Qe5+ {[%clk 1:04:16]} Kb7 {[%clk 0:56:38]} 32. Qb2+ {[%clk 1:02:55]} Ka8
{[%clk 0:56:01]} 33. Qf6 {[%clk 1:02:31]} Qh8 {[%clk 0:54:56]} 34. Qf4 {[%clk
1:00:20]} Qe8 {[%clk 0:43:40]} 35. Qe3 {[%clk 0:58:44]} Qe7 {[%clk 0:40:59]}
36. Qg3 {[%clk 0:57:15]} d4 {[%clk 0:38:47]} 37. Qxg6 {[%clk 0:51:49]} d3
{[%clk 0:37:22]} 38. Bg4 {[%clk 0:46:33]} d2 {[%clk 0:36:13]} 39. Bd1 {[%clk
0:46:39]} Rd6 {[%clk 0:34:14]} 40. Qg8+ {[%clk 0:43:30]} Kb7 {[%clk 0:33:42]}
41. Qf7 {[%clk 0:43:14]} Rxe6 {[%clk 0:32:59]} 42. Qxe7+ {[%clk 0:43:06]} Rxe7
{[%clk 0:33:03]} 43. Kf1 {[%clk 0:43:14]} Re1+ {[%clk 0:31:44]} 44. Bf3 d1=Q+
45. Bxd1 {[%clk 0:42:35]} Rxd1+ {[%clk 0:32:05]} 46. h5 0-1